000 00874cam a2200253 4500
008 020722n2002 000 0 eng u
020 _a0750652551
035 _a(Sirsi) u118966
050 _a696.12
100 _aWise, A.
245 _aWater, sanitary and waste services for buildings
250 _a5th ed.
260 _aOxford
_bButterworth-Heinemann
_c2002
300 _avii,257p.
_bill.
_c25cm.
350 _a40
520 _aWater, sanitary and waste services represent a substantial proportion of the cost of construction, averaging 10% of the capital costs of building. This text serves as a resource for the sound design, operation and maintenance of these services.
650 _aPLUMBING
650 _aSANITATION
650 _aWASTE MANAGEMENT
650 _aWATER SYSTEMS
690 _aBUILT ENVIRONMENT
700 _aSwaffield, J.
942 _n0
999 _c102224
_d102224